La era del vacío (Record no. 17035)

MARC details
000 -LEADER
campo de control de longitud fija 00892nam a2200289 i 4500
001 - NÚMERO DE CONTROL
campo de control 17035
003 - IDENTIFICADOR DE NÚMERO DE CONTROL
campo de control ES-MaACL
005 - FECHA Y HORA DE LA ÚLTIMA TRANSACCIÓN
campo de control 20230906151504.0
007 - CAMPO FIJO DE DESCRIPCIÓN FÍSICA--INFORMACIÓN GENERAL
campo de control de longitud fija t|
008 - DATOS DE LONGITUD FIJA--INFORMACIÓN GENERAL
campo de control de longitud fija 001215s2000 sp |||| | spa d
020 ## - NÚMERO INTERNACIONAL ESTÁNDAR DEL LIBRO
Número Internacional Estándar del Libro 84-339-0083-8
080 ## - NÚMERO DE LA CLASIFICACIÓN DECIMAL UNIVERSAL
Número de la Clasificación Decimal Universal 17.035.1(04)
080 ## - NÚMERO DE LA CLASIFICACIÓN DECIMAL UNIVERSAL
Número de la Clasificación Decimal Universal 316.324.8
100 1# - ENTRADA PRINCIPAL--NOMBRE DE PERSONA
Nombre de persona Lipovetsky, Gilles.
9 (RLIN) 72497
245 13 - MENCIÓN DEL TÍTULO
Título La era del vacío
Resto del título : ensayos sobre el individualismo contemporáneo /
Mención de responsabilidad, etc. Gilles Lipovetsky ; traducción de Joan Vinyoli y Michèle Pendanx.
250 ## - MENCION DE EDICION
Mención de edición 12ª ed.
260 ## - PUBLICACIÓN, DISTRIBUCIÓN, ETC.
Lugar de publicación, distribución, etc. Barcelona :
Nombre del editor, distribuidor, etc. Anagrama,
Fecha de publicación, distribución, etc. 2000.
300 ## - DESCRIPCIÓN FÍSICA
Extensión 220 p. ;
Dimensiones 20 cm.
490 1# - MENCIÓN DE SERIE
Mención de serie Argumentos ;
Designación de volumen o secuencia 83
650 14 - PUNTO DE ACCESO ADICIONAL DE MATERIA--TÉRMINO DE MATERIA
Término de materia o nombre geográfico como elemento de entrada Individualismo.
9 (RLIN) 13708
650 14 - PUNTO DE ACCESO ADICIONAL DE MATERIA--TÉRMINO DE MATERIA
Término de materia o nombre geográfico como elemento de entrada Sociedad postindustrial.
9 (RLIN) 17176
700 1# - ENTRADA AGREGADA--NOMBRE PERSONAL
Nombre de persona Vinyoli, Joan.
9 (RLIN) 115354
700 1# - ENTRADA AGREGADA--NOMBRE PERSONAL
Nombre de persona Pendanx, Michèle.
9 (RLIN) 90155
830 0# - PUNTO DE ACCESO ADICIONAL DE SERIE-TÍTULO UNIFORME
Título uniforme Argumentos ;
Designación de volumen o secuencia 83
9 (RLIN) 178418
852 ## - LOCALIZACIÓN
Ubicación ES-MaACL
Número de control de estantería L-24025
Holdings
Estatus retirado Estado de pérdida Estado de daño No para préstamo Biblioteca de origen Biblioteca actual Ubicación en estantería Fecha de adquisición Fuente de adquisición Total de préstamos Signatura topográfica completa Código de barras Visto por última vez Precio de reemplazo Tipo de ítem Koha
        Biblioteca del Ateneo de Madrid Biblioteca del Ateneo de Madrid Depósito 2 17/01/2008     L-24025 1017380 23/02/2023 23/02/2023 Libro impreso